00740nam a2200217 450000500170000001000150001702000260003203500140005803700090007208200140008110000190009524500440011425000090015826000600016727000810022730000180030870000250032694200280035199900190037995201240039820260416111728.0 aENG-148294 a9789371369510c455.00 aEN-131826 bDBAD 22026a500 aJain, Prashant aNTA CUET(ug) MathematicscPrashant Jain a2026 aUttar PradeshbPerson India Education Services PVT. LTD a1st Floor, Berger Tower, Plot No. c-001A/2, Sector 16B, NoidabIndiae201301 avp.c23cm(pb) aPrakash Gupta988921 2ddccENe2026h500mJAI c215900d215900 00104071aDBADbDBADd2026-04-16eDBADg455.00l0o500 JAIpEN-131826r2026-04-16 11:18:44t1v455.00w2026-04-16yEN